000 00647cam a22002413a 4500
001 22468
003 PGUSA
005 20140828083458.0
008 070831s2007||||xxu|||||s|||||000 p eng d
040 _aPGUSA
_beng
042 _adc
050 4 _aPQ
100 1 _aBeirão, Mário Pires Gomes,
_d1890-1965
245 1 0 _aCintra
_h[electronic resource] /
_cMário Pires Gomes Beirão
260 _bProject Gutenberg,
_c2007
506 _aPublic domain in the USA.
516 _aElectronic text
653 _aPoetry
740 0 _aSintra
830 0 _aProject Gutenberg
_v22468
856 4 0 _uhttp://www.gutenberg.org/ebooks/22468
942 _cEB
999 _c251723
_d251723